Human rights, poverty and indigenous peoples struggles in the Americas: new directions and case studies from colombia, Guatemala, México and Nicaragua /

Salvato in:
Dettagli Bibliografici
Autore principale: Perez-Bustillo, Camilo
Natura: testo
Tags: Aggiungi Tag
Nessun Tag, puoi essere il primo ad aggiungerne!!

MARC

LEADER 00000 a a2200000 04500
001 43907
003
040
100 |a Perez-Bustillo, Camilo  
245 |a Human rights, poverty and indigenous peoples struggles in the Americas:   |b new directions and case studies from colombia, Guatemala, México and Nicaragua /  |c Camilo Perez-Bustillo  
773 |g páginas 87-114  
999 |c 23614  |d 23614